Cities in Dominica - With hints - Statistics

General Stats
  • This quiz has been taken 3 times
  • The average score is 6 of 11
Answer Stats
Hint Approx. population Answer % Correct
The capital and biggest city of Dominica 16,500 Roseau
100%
Hong Kong American actor's first name Castle _____ 1,400 Castle Bruce
67%
In French it means "The plain" 1,300 La Plaine
67%
If split into two words in French it would mean "my top" 2,400 Mahaut
67%
Also the 27th biggest city of the UK by population 3,600 Portsmouth
67%
173rd biggest city in the UK by population which has the Stonehenge 1,400 Salisbury
67%
If translated from Hmong, this town name means suffering 1,400 Soufriere
67%
The 4th biggest city in Dominica - Also is referred as the cultural capital of Dominica 2,600 Berekua
33%
Also the capital of Saint Martin FRANCE (not Netherlands) 2,700 Marigot
33%
the name of this town is also the name of the father of Jesus - Also is the 8th biggest city in Missouri 2,200 Saint Joseph
33%
First name of many famous footballers/soccer players such as ______ Sneijder, a former Dutch player 1,900 Wesley
33%
No matching quizzes found
Score Distribution
Percent of People with Each Score
Percentile by Number Answered
Your Score History
You have not taken this quiz